[Event "HUN-chT2 Asztalos 1819"]
[Site "Hungary"]
[Date "2019.02.10"]
[Round "5.3"]
[White "Varga, Zsolt"]
[Black "Babits, Andras"]
[Result "0-1"]
[WhiteElo "1955"]
[BlackElo "2091"]
[PlyCount "60"]
[EventDate "2018.10.28"]
[EventType "team-tourn"]
[EventRounds "9"]
[EventCountry "HUN"]
[SourceTitle "CBM 189 Extra"]
[Source "ChessBase"]
[SourceDate "2019.06.03"]
[SourceVersion "1"]
[SourceVersionDate "2019.06.03"]
[SourceQuality "1"]
[WhiteTeam "Karmin"]
[BlackTeam "Marcali"]
[WhiteTeamCountry "HUN"]
[BlackTeamCountry "HUN"]

1. e4 e5 2. Nf3 Nc6 3. Bb5 f5 4. d3 fxe4 5. dxe4 d6 6. h3 Be7 7. Nc3 Be6 8. Nd5 Nf6 9. Bg5 0-0 10. Nxe7+ Nxe7 11. Qe2 Ng6 12. Bc4 Qd7 13. 0-0-0 h6 14. Nh4 Nxh4 15. Bxh4 Rab8 16. Kb1 Nxe4 17. g4 Nc5 18. g5 Rf4 19. Bxe6+ Qxe6 20. Bg3 Re4 21. Qd2 h5 22. f4 Ra4 23. b3 Ne4 24. Qe3 Nxg3 25. Qxg3 Rxf4 26. Rhe1 Rbf8 27. Rd3 g6 28. Qg2 c6 29. Qg1 Rf2 30. Qg3 Rf1 0-1

[Event "HUN-chT2 Asztalos 1617"]
[Site "Hungary"]
[Date "2017.03.12"]
[Round "10.4"]
[White "Varga, Zsolt"]
[Black "Gal, Peter"]
[Result "0-1"]
[WhiteElo "1993"]
[BlackElo "2088"]
[PlyCount "72"]
[EventDate "2016.09.25"]
[EventType "team-tourn"]
[EventRounds "11"]
[EventCountry "HUN"]
[SourceTitle "EXT 2021"]
[Source "ChessBase"]
[SourceDate "2020.10.23"]
[SourceVersion "1"]
[SourceVersionDate "2020.10.23"]
[SourceQuality "1"]
[WhiteTeam "Pecs Karmin"]
[BlackTeam "Decs 1990 II"]
[WhiteTeamCountry "HUN"]
[BlackTeamCountry "HUN"]

1. e4 e6 2. Nf3 d5 3. exd5 exd5 4. d4 Bd6 5. Be2 Nf6 6. Bg5 h6 7. Bh4 Bf5 8. Nc3 c6 9. Ne5 Nbd7 10. f4 g5 11. fxg5 hxg5 12. Bg3 Qb6 13. Rb1 Bxc2 14. Qxc2 Qxd4 15. Rd1 Qb4 16. a3 Qa5 17. Qf5 d4 18. Rxd4 Bxe5 19. Bxe5 Qxe5 20. Qxe5+ Nxe5 21. 0-0 Ke7 22. Rf5 Ke6 23. Rxg5 Rad8 24. Rb4 Rd7 25. g3 Rd2 26. Rxb7 Rxe2 27. Nxe2 Nf3+ 28. Kg2 Nxg5 29. Nf4+ Kf5 30. h4 Ne6 31. Rxf7 Nxf4+ 32. gxf4 Rxh4 33. Kg3 Rg4+ 34. Kf3 Rxf4+ 35. Ke3 Ra4 36. Kd3 Ke6 0-1

[Event "HUN-chT2 Asztalos 1516"]
[Site "Hungary"]
[Date "2015.10.04"]
[Round "2.3"]
[White "Varga, Zsolt"]
[Black "Huszar, Gabor"]
[Result "0-1"]
[WhiteElo "2006"]
[BlackElo "1954"]
[PlyCount "80"]
[EventDate "2015.09.13"]
[EventType "team-tourn"]
[EventRounds "11"]
[EventCountry "HUN"]
[SourceTitle "CBM 170 Extra"]
[Source "ChessBase"]
[SourceDate "2016.02.25"]
[SourceVersion "1"]
[SourceVersionDate "2016.02.25"]
[SourceQuality "1"]
[WhiteTeam "Pecs Karmin"]
[BlackTeam "Pet"]
[WhiteTeamCountry "HUN"]
[BlackTeamCountry "HUN"]

1. e4 e5 2. Nf3 Nc6 3. Bb5 a6 4. Ba4 Nf6 5. 0-0 b5 6. Bb3 Be7 7. d3 d6 8. h3 0-0 9. c3 Na5 10. Bc2 c5 11. d4 cxd4 12. cxd4 Nc6 13. Nc3 Bb7 14. d5 Nb8 15. Bd2 Nbd7 16. Ne2 Nc5 17. Ng3 a5 18. Rc1 b4 19. Be3 Nfd7 20. Nf5 g6 21. Ng3 Ba6 22. Re1 Qb6 23. Bb1 Rfc8 24. h4 h5 25. Qd2 Qd8 26. Ng5 Bxg5 27. Bxg5 f6 28. Be3 Qe7 29. f3 Rc7 30. Ne2 Rac8 31. g4 hxg4 32. fxg4 Qh7 33. Bh6 Nb6 34. Ng3 Nc4 35. Rxc4 Bxc4 36. g5 Nd7 37. gxf6 Nxf6 38. Qg5 Qf7 39. h5 Kh7 40. Bc2 gxh5 0-1

[Event "HUN-chT2 Asztalos 1516"]
[Site "Hungary"]
[Date "2015.09.13"]
[Round "1.4"]
[White "Varga, Zsolt"]
[Black "Hoflinger, Istvan"]
[Result "1-0"]
[WhiteElo "2006"]
[BlackElo "1861"]
[PlyCount "117"]
[EventDate "2015.09.13"]
[EventType "team-tourn"]
[EventRounds "11"]
[EventCountry "HUN"]
[SourceTitle "CBM 170 Extra"]
[Source "ChessBase"]
[SourceDate "2016.02.25"]
[SourceVersion "1"]
[SourceVersionDate "2016.02.25"]
[SourceQuality "1"]
[WhiteTeam "Pecs Karmin"]
[BlackTeam "Kiraly Sakk"]
[WhiteTeamCountry "HUN"]
[BlackTeamCountry "HUN"]

1. e4 d6 2. d4 f5 3. exf5 Bxf5 4. Nf3 Nf6 5. Be2 g6 6. c4 Bg7 7. Nc3 c6 8. 0-0 0-0 9. Qb3 Qc7 10. Bf4 Kh8 11. Rac1 Nh5 12. Be3 Nf6 13. Rfe1 e5 14. dxe5 dxe5 15. Rcd1 Nbd7 16. g3 Ng4 17. Nb1 Nxe3 18. Qxe3 Rae8 19. Nc3 b6 20. Nh4 Be6 21. Ne4 Nf6 22. f3 Nxe4 23. Qxe4 g5 24. Ng2 Bf5 25. Qe3 h6 26. g4 Bh7 27. Bd3 Bxd3 28. Qxd3 Qf7 29. Rf1 Qe7 30. b3 Rd8 31. Qe3 Qa3 32. Rd2 Qe7 33. Re2 Qf6 34. Qf2 Rd3 35. Ne1 Rd1 36. Kg2 Rfd8 37. Nc2 c5 38. Ne3 R1d4 39. Nf5 Rd3 40. h4 Bf8 41. hxg5 Qxg5 42. Rfe1 Rd2 43. Rxd2 Qxd2 44. Rxe5 Qxf2+ 45. Kxf2 Rd2+ 46. Re2 Rd7 47. Ke3 Rf7 48. Ke4 Kh7 49. f4 Kg6 50. Rh2 Rf6 51. Rd2 h5 52. gxh5+ Kxh5 53. Rd7 Kg6 54. Ne3 Re6+ 55. Kf3 Re7 56. Rxe7 Bxe7 57. Ke4 Kf6 58. f5 Kg5 59. a4 1-0

[Event "HUN-chT2 Asztalos 1314"]
[Site "Hungary"]
[Date "2014.02.16"]
[Round "5"]
[White "Varga, Zsolt"]
[Black "Hoflinger, Istvan"]
[Result "1-0"]
[WhiteElo "2069"]
[BlackElo "1908"]
[PlyCount "47"]
[EventDate "2013.09.08"]
[EventType "team-tourn"]
[EventRounds "9"]
[EventCountry "HUN"]
[SourceTitle "EXT 2016"]
[Source "ChessBase"]
[SourceDate "2015.10.08"]
[SourceVersion "1"]
[SourceVersionDate "2015.10.08"]
[SourceQuality "1"]
[WhiteTeam "Pecs Karmin"]
[BlackTeam "Kiraly Sakk"]
[WhiteTeamCountry "HUN"]
[BlackTeamCountry "HUN"]

1. e4 g6 2. d4 Bg7 3. Nf3 d6 4. h3 Nd7 5. Bc4 e6 6. 0-0 Ne7 7. c3 0-0 8. Bg5 h6 9. Bh4 g5 10. Bg3 Ng6 11. Nbd2 e5 12. Re1 Re8 13. Nf1 Nb6 14. Bb3 Be6 15. d5 Bd7 16. a4 a5 17. Ne3 Nc8 18. Nh2 Nce7 19. Bc2 Qc8 20. Qh5 Nf4 21. Bxf4 gxf4 22. Neg4 Kh7 23. Qxf7 Rg8 24. Qxe7 1-0

[Event "HUN-chT2 Asztalos 1011"]
[Site "Hungary"]
[Date "2011.05.01"]
[Round "10.1"]
[White "Neber, Akos"]
[Black "Varga, Zsolt"]
[Result "1-0"]
[WhiteElo "2162"]
[BlackElo "2121"]
[PlyCount "55"]
[EventDate "2010.09.12"]
[EventType "team-tourn"]
[EventRounds "11"]
[EventCountry "HUN"]
[SourceTitle "EXT 2012"]
[Source "ChessBase"]
[SourceDate "2011.11.24"]
[SourceVersion "1"]
[SourceVersionDate "2011.11.24"]
[SourceQuality "1"]
[WhiteTeam "Kaposvar Bastya"]
[BlackTeam "Pecs Karmin"]
[WhiteTeamCountry "HUN"]
[BlackTeamCountry "HUN"]

1. e4 c5 2. Nf3 d6 3. d4 cxd4 4. Nxd4 Nc6 5. Nc3 Nf6 6. Bg5 a6 7. Qd2 h6 8. Bxf6 gxf6 9. 0-0-0 Bd7 10. Kb1 Nxd4 11. Qxd4 b5 12. f4 Bg7 13. Be2 Rc8 14. Nd5 Be6 15. Rhf1 Bxd5 16. exd5 0-0 17. Rf3 f5 18. Rg3 f6 19. Bd3 Qd7 20. Re3 Rf7 21. Re6 Qb7 22. Bxf5 Rc4 23. Qe3 Bf8 24. Re4 Rg7 25. Rxc4 bxc4 26. g3 a5 27. Be6+ Kh8 28. Qc3 1-0

[Event "HUN-chT2 Asztalos 0506"]
[Site "Hungary"]
[Date "2006.02.26"]
[Round "8"]
[White "Akots, Gabor"]
[Black "Varga, Zsolt"]
[Result "0-1"]
[WhiteElo "2121"]
[BlackElo "2125"]
[PlyCount "75"]
[EventDate "2005.10.16"]
[EventType "team"]
[EventRounds "11"]
[EventCountry "HUN"]
[SourceTitle "EXT 2009"]
[Source "ChessBase"]
[SourceDate "2008.11.26"]
[SourceVersion "1"]
[SourceVersionDate "2008.11.26"]
[SourceQuality "1"]
[WhiteTeam "MAV Elore"]
[BlackTeam "Pecs Karmin"]
[WhiteTeamCountry "HUN"]
[BlackTeamCountry "HUN"]

1. e4 c6 2. d4 d5 3. Nc3 dxe4 4. Nxe4 Bf5 5. Ng3 Bg6 6. Bc4 e6 7. N1e2 Nf6 8. 0-0 Be7 9. f4 0-0 10. f5 exf5 11. Nxf5 Bxf5 12. Rxf5 c5 13. c3 cxd4 14. Nxd4 Nc6 15. Be3 Rc8 16. Bd3 Nd5 17. Bf2 g6 18. Nxc6 bxc6 19. Rf3 Rc7 20. Qc2 Bg5 21. Rd1 Rd7 22. Bc4 Qe7 23. Bxd5 Rxd5 24. Rxd5 cxd5 25. Rd3 Qe4 26. Qd1 Rb8 27. b3 Rb5 28. Rd4 Qe6 29. a4 Rb7 30. Rxd5 Be3 31. b4 Re7 32. Rd3 Bxf2+ 33. Kxf2 Kg7 34. Rf3 Qa2+ 35. Kg3 f6 36. Qd4 Qe6 37. a5 h5 38. h3 0-1

[Event "HUN-chT2 Asztalos 0506"]
[Site "Hungary"]
[Date "2005.10.30"]
[Round "2"]
[White "Varga, Zsolt"]
[Black "Breitenbach, Zoltan"]
[Result "1/2-1/2"]
[WhiteElo "2125"]
[BlackElo "2114"]
[PlyCount "48"]
[EventDate "2005.10.16"]
[EventType "team"]
[EventRounds "11"]
[EventCountry "HUN"]
[SourceTitle "EXT 2009"]
[Source "ChessBase"]
[SourceDate "2008.11.26"]
[SourceVersion "1"]
[SourceVersionDate "2008.11.26"]
[SourceQuality "1"]
[WhiteTeam "Pecs Karmin"]
[BlackTeam "Pannonpower II"]
[WhiteTeamCountry "HUN"]
[BlackTeamCountry "HUN"]

1. e4 Nf6 2. e5 Nd5 3. d4 d6 4. exd6 cxd6 5. c4 Nb6 6. b3 g6 7. Bb2 Bg7 8. Nf3 0-0 9. Be2 Nc6 10. 0-0 d5 11. Qd2 a5 12. Rd1 Bg4 13. Na3 e6 14. Rac1 Bf6 15. Ra1 dxc4 16. Nxc4 Nd5 17. Nce5 Nxe5 18. dxe5 Be7 19. Qd4 Bf5 20. Bc4 Nb6 21. Qf4 Nd5 22. Qh6 Be4 23. Qh3 h5 24. Qg3 a4 1/2-1/2

[Event "HUN-chT2 Asztalos 0405"]
[Site "Hungary"]
[Date "2005.04.10"]
[Round "10"]
[White "Varga, Zsolt"]
[Black "Beres, Kornel"]
[Result "1/2-1/2"]
[WhiteElo "2164"]
[BlackElo "2140"]
[PlyCount "33"]
[EventDate "2004.09.26"]
[EventType "team"]
[EventRounds "11"]
[EventCountry "HUN"]
[SourceTitle "EXT 2009"]
[Source "ChessBase"]
[SourceDate "2008.11.26"]
[SourceVersion "1"]
[SourceVersionDate "2008.11.26"]
[SourceQuality "1"]
[WhiteTeam "Pecs Karmin"]
[BlackTeam "Nagyatad"]
[WhiteTeamCountry "HUN"]
[BlackTeamCountry "HUN"]

1. e4 c5 2. Nf3 Nc6 3. d4 cxd4 4. Nxd4 Nf6 5. Nc3 e5 6. Ndb5 d6 7. Bg5 a6 8. Na3 b5 9. Nd5 Be7 10. Bxf6 Bxf6 11. c3 0-0 12. Nc2 Bg5 13. h4 Be7 14. Bd3 Be6 15. Nce3 h6 16. g3 Rb8 17. Qh5 1/2-1/2